000
00187 a2200097 4500
020
_a
9780439239233
041
_a
eng
100
_a
Clearly, Beverly
245
_a
Otis Spofford
942
_c
BK
999
_c
31399
_d
31397